00417nam a2200157Ia 4500008004100000020001800041082000800059100002300067245003700090250000600127260003300133300001700166500002400183650001600207700003600223230524s9999 xx 000 0 und d a9788126543939 bCAR aTony Chan Carusone 0aAnalog Integrated Circuit Design a1 aNew DelhibWilly Indiac2014 a"XXII,783p;" aQuantity Number: 1 aElectronics a" David Johns , Kenneth Martin"